000 01123nam a22002417a 4500
001 191
003 FISKH
005 20230303103442.0
008 230303b cb ||||| |||| 00| 0 eng d
040 _aDLC
_cMB
_dDLC
_dFISKH
_beng
050 0 0 _aPZ8.G276
082 _a813.54
100 1 _aGeisel, Theodor Seuss
_cDr.
245 1 0 _aFox in socks,
_cby Dr. Seuss.
260 _aNew York
_bRandom House
_c2016
300 _a30 leaves of plates
_bcol. illus.
_c28 cm.
505 _aF
520 _aFind out how wacky words can be with Dr. Seuss and the Fox in Socks in this classic hardcover picture book of tongue tanglers! This rhyming romp includes chicks with bricks, chewy blue glue, a noodle eating poodle, and so much more! Just try to keep your tongue out of trouble! Seuss piles his the energetic rhymes into a mountain of hilarity that the whole family will enjoy. Rhyming has never been this fun! Originally created by Dr. Seuss himself, Beginner Books are fun, funny, and easy to read.
521 8 _a380
_bLexile
521 8 _aF
_bRaz-Plus
906 _a7
_bcbc
_corignew
_du
_eocip
_f19
_gy-gencatlg
942 _2ddc
_cBK
_n0
999 _c191
_d191